00567nam a2200181 a 4500003000400000005001700004008004100021020001800062050002300080100002900103245009000132260004900222300002900271521000800300650002700308700002400335700002600359OSt20140310183627.0061121s19uu xx 00 eng d a981-240-320-5 aTX 921b.Sh45 2000 aShiring, Stephen B., Sr. aIntroduction to catering :bingredient for success /cStephen B. Shiring ... [et,al.] aAustralia :bThomson Delmar Learning,c2000. a398 p. :bill. ;c25 cm. aTOU aCaterers and catering. aJardine, William R. aMills, Richrad J., Jr